000
00288nam a2200121 a 4500
008
101208s1955|||| d
245
1
0
_a
Literárne štúdie a portréty
100
1
_a
Pišút, Milan
260
_b
SVKL
_a
Bratislava
_c
1955
020
_c
36
041
_a
slo
044
_a
xo
_c
SK
999
_c
14934
_d
14934